Satyajit Ray: (Record no. 54317)

MARC details
000 -LEADER
fixed length control field 01765naa a2200289 4500
005 - DATE AND TIME OF LATEST TRANSACTION
control field 20110725141217.0
010 ## - LCCN (DPL NO)
LC control number B-441394-399
020 ## - INTERNATIONAL STANDARD BOOK NUMBER
International Standard Book Number 9788171679584
Terms of availability 95.00
035 ## - SYSTEM CONTROL NUMBER
System control number B-441394-399
037 ## - SOURCE OF ACQUISITION
Source of stock number/acquisition Rupa
037 ## - SOURCE OF ACQUISITION
Source of stock number/acquisition Allied Pub/Ven
082 ## - DEWEY DECIMAL CLASSIFICATION NUMBER
Classification number 921
100 ## - MAIN ENTRY--PERSONAL NAME
Personal name Majumdar, Gopa
245 1# - TITLE STATEMENT
Title Satyajit Ray:
Statement of responsibility, etc by Goap Majumdar
Remainder of title creating classics /
260 ## - PUBLICATION, DISTRIBUTION, ETC. (IMPRINT)
Place of publication, distribution, etc New Delhi
Name of publisher, distributor, etc Rupa
Date of publication, distribution, etc 2003
270 ## - ADDRESS
City New Delhi
Address 7/16, Ansari Raod, Daryaganj,
Postal code 110002
300 ## - PHYSICAL DESCRIPTION
Extent 72p.
Dimensions 16cm(Hb)
Other physical details b&w photos
490 ## - SERIES STATEMENT
Series statement Rupa charitavali series
-- 31428
942 ## - ADDED ENTRY ELEMENTS (KOHA)
Institution code [OBSOLETE] dpl
Item type English Books
Source of classification or shelving scheme Dewey Decimal Classification
Call number suffix MAJ
Classification part 921
Holdings
Withdrawn status Lost status Not for loan Collection code Home library Current library Date acquired Source of acquisition Cost, normal purchase price Full call number Barcode Copy number Cost, replacement price Koha item type
      Non-fiction Bawana Bawana 05/08/2011 Allied/DE/2011/CR/0000149/27.4.2011/85/24.3.11/10.6.11 95.00 921 MAJ B-441398 1 95.00 English Books
      Non-fiction Central Library Central Library 05/08/2011 Allied/DE/2011/CR/0000149/27.4.2011/85/24.3.11/10.6.11 95.00 921 MAJ B-441394 1 95.00 English Books
      Non-fiction Janak Puri Janak Puri 05/08/2011 Allied/DE/2011/CR/0000149/27.4.2011/85/24.3.11/10.6.11 95.00 921 MAJ B-441396 1 95.00 English Books
      Non-fiction Patel Nagar Patel Nagar 05/08/2011 Allied/DE/2011/CR/0000149/27.4.2011/85/24.3.11/10.6.11 95.00 921 MAJ B-441395 1 95.00 English Books
      Non-fiction Sarojini Nagar Sarojini Nagar 05/08/2011 Allied/DE/2011/CR/0000149/27.4.2011/85/24.3.11/10.6.11 95.00 921 MAJ B-441397 1 95.00 English Books
  Written-off vide DLB M. No. 383 dt 16.05.19   Non-fiction Shahdara Branch Shahdara Branch 05/08/2011 Allied/DE/2011/CR/0000149/27.4.2011/85/24.3.11/10.6.11 95.00 921 MAJ B-441399 1 95.00 English Books

© Delhi Public Library
Hit Counter
free hit counter